00823cam a22002171 4500001001300000003000400013005001700017008004100034010001700075035002000092040002100112042001200133050002300145100002600168245011000194260009200304300005200396410009500448650004500543999001700588gs 23000146 DLC20260227111327.0891016s1922 ag ab 000 0 spa  ags 23000146  a(OCoLC)20496367 aDLCcCUdCUdDLC apremarc00aQE231b.A28 no. 311 aBeder, Robert,d1885-10aInforme sobre estudios geológico-economicos en la Provincia de Catamarca,cpor el Dr. Roberto Beder ... aBuenos Aires,bTalleres gráficos del Ministerio de agricultura de la nación,c1922. a57 p.b12 pl. (incl. diagr.) fold. map.c27 cm.10aArgentina.bDirección General de Minas y Geología.tBoletinvno. 31. Ser. B (Geologia) 0aGeology, EconomiczArgentinazCatamarca. c26231d26231